| 000 | 01317cam a22002651i 4500 | ||
|---|---|---|---|
| 003 | SA-RiAUC | ||
| 005 | 20250826051630.0 | ||
| 008 | 250821s1984 ua g 000r0 ara c | ||
| 040 |
_aSA-JeALM _bara _cSA-RiAUC _erda |
||
| 082 | 0 | 4 |
_a252.3 _qSA-RiAUC |
| 090 |
_a252.3 _bا ب ن ح |
||
| 100 | 1 |
_aابن حجر الهيتمي، أحمد بن محمد بن علي، _d909-974 هجري _eمؤلف. |
|
| 245 | 1 | 2 |
_aالصيام : _bأحكامه وخصوصياته وأحكام متفرقات أخرى / _cلأحمد بن حجر الهيثمي المكي ؛ اختصار وتعليق عبد الفتاح حسين راوه المكي. |
| 250 | _aالطبعة الثانية، منقحة ومزيدة. | ||
| 264 | 1 |
_aالقاهرة ؛ _aبيروت : _bدار التراث العربي، _c1984. |
|
| 300 |
_a191 صفحة ؛ _c24 سم |
||
| 336 |
_aنص _btxt _2rdacontent _3كتاب |
||
| 337 |
_aبدون وسيط _bn _2rdamedia |
||
| 338 |
_aمجلد _bnc _2rdacarrier |
||
| 500 | _aإهداء من المؤلف عبد الفتاح حسين راوه المكي بتاريخ 1412/8/21 هـ | ||
| 650 | 7 |
_aالصوم (فقه إسلامي) _2aucsh |
|
| 700 | 1 |
_aالمكي، عبد الفتاح حسين راوة، _d1334-1424 هجري _eمختصر. |
|
| 942 |
_2ddc _cBOOK _n0 |
||
| 949 |
_aSA-JeALM _d250821 _umohamedma123 _n1 |
||
| 999 |
_c11123 _d11123 |
||